[Event "Ruhrgebiet Regionalliga 1819"]
[Site "Nordrheinwestfalen"]
[Date "2019.03.03"]
[Round "8.1"]
[White "Buchenthal, Dieter"]
[Black "Fuellgrabe, Thomas"]
[Result "0-1"]
[WhiteElo "2111"]
[BlackElo "2232"]
[PlyCount "114"]
[EventDate "2018.09.02"]
[EventType "team-tourn"]
[EventRounds "11"]
[EventCountry "GER"]
[SourceTitle "EXT 2022"]
[Source "ChessBase"]
[SourceDate "2021.10.06"]
[SourceVersion "1"]
[SourceVersionDate "2021.10.06"]
[SourceQuality "1"]
[WhiteTeam "Wattenscheid SV II"]
[BlackTeam "Welper SV"]
[WhiteTeamCountry "GER"]
[BlackTeamCountry "GER"]

1. c4 e6 2. b3 d5 3. Bb2 Nf6 4. e3 c5 5. Nf3 Nc6 6. d3 d4 7. exd4 cxd4 8. Be2 e5 9. 0-0 Bd6 10. Nbd2 0-0 11. Ne1 Bf5 12. Bf3 Re8 13. Qe2 Qd7 14. a3 a5 15. Kh1 Rab8 16. Rc1 Qe7 17. Nc2 Nd7 18. Ne4 Bxe4 19. Bxe4 Nc5 20. Na1 Nxe4 21. Qxe4 Bxa3 22. Bxa3 Qxa3 23. c5 Qb4 24. Rc2 Re6 25. g3 Qb5 26. Rc4 Rd8 27. Rb1 Nb4 28. Nc2 Nd5 29. Na3 Qd7 30. Re1 Nc3 31. Qg2 f6 32. Nb1 Nxb1 33. Rxb1 Qd5 34. Ra1 Ra6 35. Qxd5+ Rxd5 36. b4 axb4 37. Rxa6 bxa6 38. c6 Rd8 39. Rxb4 Rc8 40. Rb6 a5 41. Kg2 Kf7 42. Kf3 Ke6 43. Ra6 h5 44. h3 a4 45. Ke2 Kd6 46. Rxa4 Rxc6 47. Kd2 Ke6 48. Ra7 g6 49. Ra5 Kf5 50. Ra2 Rc7 51. Ra6 h4 52. g4+ Kg5 53. Rd6 Ra7 54. f4+ Kxf4 55. Rxf6+ Kg3 56. Rxg6 Kxh3 57. g5 Kg2 0-1

[Event "Ruhrgebiet Regionalliga 1718"]
[Site "Germany"]
[Date "2018.03.04"]
[Round "7.2"]
[White "Buchenthal, Dieter"]
[Black "Joergens, Markus"]
[Result "1-0"]
[WhiteElo "2111"]
[BlackElo "2004"]
[PlyCount "59"]
[EventDate "2017.10.01"]
[EventType "team-tourn"]
[EventRounds "9"]
[EventCountry "GER"]
[SourceTitle "EXT 2022"]
[Source "ChessBase"]
[SourceDate "2021.10.06"]
[SourceVersion "1"]
[SourceVersionDate "2021.10.06"]
[SourceQuality "1"]
[WhiteTeam "Wattenscheid SV II"]
[BlackTeam "Oberhausen SV II"]
[WhiteTeamCountry "GER"]
[BlackTeamCountry "GER"]

1. f4 d5 2. Nf3 g6 3. g3 c6 4. Bg2 Qb6 5. a4 a5 6. b3 Bg7 7. Ra2 Nh6 8. Ba3 Na6 9. c3 Nf5 10. e3 h5 11. Rb2 h4 12. Kf2 h3 13. Bf1 Nh6 14. d4 Bf5 15. Nbd2 0-0 16. Ng5 Ng4+ 17. Kf3 c5 18. Bxh3 Nxe3 19. Kxe3 cxd4+ 20. cxd4 Qxd4+ 21. Kf3 Qd3+ 22. Kg2 Bxb2 23. Bxb2 Rac8 24. Bxf5 Qxf5 25. Re1 Rc2 26. Ba3 Qd3 27. Re2 Re8 28. Ngf3 e6 29. Ne1 Qxb3 30. Nxb3 1-0

[Event "Ruhrgebiet Regionalliga 1718"]
[Site "Germany"]
[Date "2017.12.10"]
[Round "4.1"]
[White "Buchenthal, Dieter"]
[Black "Loyen, Egbert"]
[Result "1/2-1/2"]
[WhiteElo "2111"]
[BlackElo "2176"]
[PlyCount "60"]
[EventDate "2017.10.01"]
[EventType "team-tourn"]
[EventRounds "9"]
[EventCountry "GER"]
[SourceTitle "EXT 2022"]
[Source "ChessBase"]
[SourceDate "2021.10.06"]
[SourceVersion "1"]
[SourceVersionDate "2021.10.06"]
[SourceQuality "1"]
[WhiteTeam "Wattenscheid SV II"]
[BlackTeam "Borbeck Weisse Dame"]
[WhiteTeamCountry "GER"]
[BlackTeamCountry "GER"]

1. c4 g6 2. Nc3 Bg7 3. g3 d6 4. Bg2 Nf6 5. d4 0-0 6. Nf3 Nbd7 7. 0-0 e5 8. Be3 Ng4 9. Bg5 f6 10. Bd2 c6 11. Qc1 f5 12. Bg5 Qe8 13. d5 e4 14. Ne1 Nde5 15. f3 exf3 16. exf3 Nf6 17. dxc6 bxc6 18. b3 Bb7 19. Qa3 Qe7 20. Rd1 Rfd8 21. Nc2 h6 22. Be3 Bf8 23. Rfe1 Qf7 24. c5 dxc5 25. Rxd8 Rxd8 26. Qxa7 Ra8 27. Qb6 Qd7 28. f4 Ra6 29. Qxa6 Bxa6 30. fxe5 Nd5 1/2-1/2

[Event "Ruhrgebiet Regionalliga 1617"]
[Site "Germany"]
[Date "2017.01.15"]
[Round "5.1"]
[White "Buchenthal, Dieter"]
[Black "Wittenberg, Andreas"]
[Result "1/2-1/2"]
[WhiteElo "2081"]
[BlackElo "2184"]
[PlyCount "38"]
[EventDate "2016.09.11"]
[EventType "team-tourn"]
[EventRounds "9"]
[EventCountry "GER"]
[SourceTitle "EXT 2022"]
[Source "ChessBase"]
[SourceDate "2021.10.06"]
[SourceVersion "1"]
[SourceVersionDate "2021.10.06"]
[SourceQuality "1"]
[WhiteTeam "Wattenscheid SV II"]
[BlackTeam "Muelheim Nord III"]
[WhiteTeamCountry "GER"]
[BlackTeamCountry "GER"]

1. c4 e5 2. e3 Nf6 3. Nc3 c6 4. Nf3 Qc7 5. Be2 Be7 6. 0-0 0-0 7. d4 d6 8. Qc2 Bg4 9. Nh4 Re8 10. f3 Be6 11. f4 Bg4 12. fxe5 dxe5 13. Nf5 Nbd7 14. Nxg7 Kxg7 15. Bxg4 Nxg4 16. Rxf7+ Kxf7 17. Qxh7+ Kf8 18. Qh8+ Kf7 19. Qh7+ Kf8 1/2-1/2

[Event "Ruhrgebiet Regionalliga 1617"]
[Site "Germany"]
[Date "2016.11.06"]
[Round "3.1"]
[White "Huettemann, Karl Heinz"]
[Black "Buchenthal, Dieter"]
[Result "1/2-1/2"]
[WhiteElo "2055"]
[BlackElo "2081"]
[PlyCount "29"]
[EventDate "2016.09.11"]
[EventType "team-tourn"]
[EventRounds "9"]
[EventCountry "GER"]
[SourceTitle "EXT 2022"]
[Source "ChessBase"]
[SourceDate "2021.10.06"]
[SourceVersion "1"]
[SourceVersionDate "2021.10.06"]
[SourceQuality "1"]
[WhiteTeam "Dortmund SV"]
[BlackTeam "Wattenscheid SV II"]
[WhiteTeamCountry "GER"]
[BlackTeamCountry "GER"]

1. c4 c5 2. Nf3 b6 3. Nc3 Bb7 4. e4 Na6 5. d4 cxd4 6. Nxd4 g6 7. f3 Bg7 8. Be3 Nc5 9. Qd2 h5 10. Rc1 Qb8 11. b4 Ne6 12. Nxe6 fxe6 13. Bd4 Bh6 14. Be3 Bg7 15. Bd4 1/2-1/2

[Event "Ruhrgebiet Regionalliga 1516"]
[Site "Germany"]
[Date "2015.11.15"]
[Round "3.3"]
[White "Bastians, Felix"]
[Black "Buchenthal, Dieter"]
[Result "0-1"]
[WhiteElo "2087"]
[BlackElo "2073"]
[PlyCount "106"]
[EventDate "2015.09.13"]
[EventType "team-tourn"]
[EventRounds "9"]
[EventCountry "GER"]
[SourceTitle "EXT 2022"]
[Source "ChessBase"]
[SourceDate "2021.10.06"]
[SourceVersion "1"]
[SourceVersionDate "2021.10.06"]
[SourceQuality "1"]
[WhiteTeam "Welper SV"]
[BlackTeam "Wattenscheid SV II"]
[WhiteTeamCountry "GER"]
[BlackTeamCountry "GE2"]

1. e4 c5 2. Nf3 e6 3. d4 cxd4 4. Nxd4 Bc5 5. Nc3 Qb6 6. Na4 Qa5+ 7. c3 Bxd4 8. Qxd4 Nf6 9. Nc5 b6 10. Nb3 Qh5 11. Bf4 Nc6 12. Qe3 d5 13. Be2 Qg6 14. e5 Nh5 15. Bg5 h6 16. Bh4 Qxg2 17. 0-0-0 g5 18. Bxh5 gxh4 19. f3 Qg5 20. Qxg5 hxg5 21. Bg4 Nxe5 22. Rhe1 f6 23. Nd4 Kf7 24. Bh3 Bd7 25. Re3 Rae8 26. Rde1 Re7 27. Rg1 Nc4 28. Rd3 Nd6 29. Ne2 Bb5 30. Rd2 Nc4 31. Rc2 e5 32. b3 Ne3 33. Rd2 Rd8 34. Kb2 Rc7 35. a4 Ba6 36. Re1 f5 37. Nc1 f4 38. Na2 Bc8 39. Bf1 Bf5 40. Be2 Kf6 41. Nb4 Rg7 42. Rg1 a5 43. Nd3 e4 44. Ne1 h3 45. Rd4 Ke7 46. b4 Rg6 47. Kb3 Rdd6 48. Rd2 Rd7 49. Bb5 Rc7 50. Rd4 Kf6 51. Be2 Rg8 52. fxe4 Bxe4 53. c4 Ke5 0-1

[Event "NRW Class1 0910"]
[Site "Germany"]
[Date "2010.03.21"]
[Round "8.8"]
[White "Buchenthal, Dieter"]
[Black "Kemmerling, Alexander"]
[Result "1-0"]
[WhiteElo "2209"]
[BlackElo "1893"]
[PlyCount "53"]
[EventDate "2009.09.20"]
[EventType "team-tourn"]
[EventRounds "9"]
[EventCountry "GER"]
[SourceTitle "EXT 2011"]
[Source "ChessBase"]
[SourceDate "2010.11.26"]
[SourceVersion "1"]
[SourceVersionDate "2010.11.26"]
[SourceQuality "1"]
[WhiteTeam "Herne Sodingen"]
[BlackTeam "Porz SG II"]
[WhiteTeamCountry "GER"]
[BlackTeamCountry "GER"]

1. c4 g6 2. g3 Bg7 3. Bg2 d6 4. d4 Nf6 5. Bg5 Nbd7 6. Nc3 0-0 7. Nf3 h6 8. Be3 c6 9. Qc1 Kh7 10. h3 e5 11. 0-0 Qe7 12. b4 exd4 13. Bxd4 Re8 14. Rb1 Ne5 15. Nd2 Be6 16. Nd1 Qc7 17. f4 Ned7 18. g4 Nb6 19. Qc3 Qe7 20. e4 d5 21. e5 Ne4 22. Nxe4 dxe4 23. Ne3 Bd7 24. Bxe4 Rad8 25. Bc5 Qh4 26. Ng2 Na4 27. Qf3 1-0

[Event "NRW Class1 0910"]
[Site "Germany"]
[Date "2010.01.31"]
[Round "6.8"]
[White "Buchenthal, Dieter"]
[Black "Bruemmer, Andreas"]
[Result "1/2-1/2"]
[WhiteElo "2209"]
[BlackElo "1873"]
[PlyCount "27"]
[EventDate "2009.09.20"]
[EventType "team-tourn"]
[EventRounds "9"]
[EventCountry "GER"]
[SourceTitle "EXT 2011"]
[Source "ChessBase"]
[SourceDate "2010.11.26"]
[SourceVersion "1"]
[SourceVersionDate "2010.11.26"]
[SourceQuality "1"]
[WhiteTeam "Herne Sodingen"]
[BlackTeam "Rheine"]
[WhiteTeamCountry "GER"]
[BlackTeamCountry "GER"]

1. c4 c6 2. g3 d5 3. Bg2 Nf6 4. Qc2 e5 5. Nf3 Bd6 6. 0-0 0-0 7. Na3 Nbd7 8. d3 Re8 9. cxd5 cxd5 10. Nb5 Bb8 11. a4 a6 12. Nc3 d4 13. Na2 a5 14. e4 1/2-1/2

[Event "NRW Class1 0910"]
[Site "Germany"]
[Date "2009.12.21"]
[Round "4.8"]
[White "Buchenthal, Dieter"]
[Black "Podder, Michael"]
[Result "1-0"]
[WhiteElo "2209"]
[BlackElo "1955"]
[PlyCount "63"]
[EventDate "2009.09.20"]
[EventType "team-tourn"]
[EventRounds "9"]
[EventCountry "GER"]
[SourceTitle "EXT 2011"]
[Source "ChessBase"]
[SourceDate "2010.11.26"]
[SourceVersion "1"]
[SourceVersionDate "2010.11.26"]
[SourceQuality "1"]
[WhiteTeam "Herne Sodingen"]
[BlackTeam "Elberfeld"]
[WhiteTeamCountry "GER"]
[BlackTeamCountry "GER"]

1. c4 Nf6 2. g3 d6 3. Bg2 g6 4. d4 Bg7 5. Nf3 c6 6. 0-0 Bg4 7. Qb3 Qb6 8. Be3 Qxb3 9. axb3 Na6 10. Ra4 Nd7 11. h3 Bxf3 12. Bxf3 0-0 13. Bxc6 bxc6 14. Rxa6 c5 15. dxc5 Nxc5 16. Bxc5 dxc5 17. Nc3 Rfd8 18. Na4 Rd2 19. e3 e6 20. Rb1 Bf8 21. Nc3 Rc2 22. Kf1 Rd8 23. Rd1 Rb8 24. Rd7 Bg7 25. Ne4 Bxb2 26. Raxa7 Rxb3 27. Rd8+ Kg7 28. Nd6 g5 29. Rxf7+ Kg6 30. Rg8+ Kh6 31. Re7 Bf6 32. Rxe6 1-0

[Event "NRW Class1 0809"]
[Site "Germany"]
[Date "2008.11.30"]
[Round "4.5"]
[White "Danielmeier, Ralf"]
[Black "Buchenthal, Dieter"]
[Result "1/2-1/2"]
[WhiteElo "2174"]
[BlackElo "2233"]
[PlyCount "46"]
[EventDate "2008.09.21"]
[EventType "team-tourn"]
[EventRounds "9"]
[EventCountry "GER"]
[SourceTitle "EXT 2010"]
[Source "ChessBase"]
[SourceDate "2010.11.25"]
[SourceVersion "1"]
[SourceVersionDate "2010.11.25"]
[SourceQuality "1"]
[WhiteTeam "Bielefeld"]
[BlackTeam "Sodingen"]
[WhiteTeamCountry "GER"]
[BlackTeamCountry "GER"]

1. e4 c5 2. Nc3 a6 3. g3 b5 4. Bg2 Bb7 5. d3 Nc6 6. Nh3 h5 7. 0-0 h4 8. Be3 e6 9. a4 b4 10. Ne2 Nh6 11. Nc1 Ne5 12. Nb3 d6 13. d4 Nc4 14. Bc1 Be7 15. a5 Qc7 16. dxc5 dxc5 17. Qe2 Ne5 18. Bf4 f6 19. Rfd1 Nhf7 20. Rd2 Bc6 21. Bxe5 fxe5 22. Qg4 hxg3 23. hxg3 c4 1/2-1/2

[Event "NRW Class2 0708"]
[Site "Germany"]
[Date "2007.10.14"]
[Round "2.7"]
[White "Heuermann, Heinz Burkhard"]
[Black "Buchenthal, Dieter"]
[Result "1-0"]
[WhiteElo "2020"]
[BlackElo "2239"]
[PlyCount "91"]
[EventDate "2007.09.16"]
[EventType "team"]
[EventRounds "9"]
[EventCountry "GER"]
[SourceTitle "EXT 2009"]
[Source "ChessBase"]
[SourceDate "2008.11.26"]
[SourceVersion "1"]
[SourceVersionDate "2008.11.26"]
[SourceQuality "1"]
[WhiteTeam "Herford"]
[BlackTeam "Sodingen"]
[WhiteTeamCountry "GER"]
[BlackTeamCountry "GER"]

1. c4 c5 2. Nc3 b6 3. Nf3 Bb7 4. e4 g6 5. d4 cxd4 6. Nxd4 Na6 7. Be3 Nc5 8. f3 Bg7 9. Rc1 Qb8 10. Be2 Be5 11. g3 h5 12. b4 Ne6 13. Nxe6 fxe6 14. Qd3 Nf6 15. Rg1 h4 16. gxh4 Rxh4 17. Rxg6 Rxh2 18. Kd2 Qd6 19. Qxd6 Bxd6 20. a3 Be5 21. Nb5 Kf7 22. Rcg1 Nh5 23. R6g2 Rxg2 24. Rxg2 Bf4 25. Nd4 e5 26. Nf5 d6 27. c5 bxc5 28. Bc4+ Kf6 29. Bxf4 exf4 30. b5 d5 31. Bd3 dxe4 32. fxe4 Rd8 33. Kc3 e6 34. Nh6 Ng3 35. Rf2 Rxd3+ 36. Kxd3 Bxe4+ 37. Kc3 Kg5 38. Nf7+ Kh4 39. Rxf4+ Kh5 40. Kc4 Bd5+ 41. Kxc5 Ne2 42. Rf2 Nc3 43. Rf4 Kg6 44. Ne5+ Kg5 45. Rf7 Ne4+ 46. Kb4 1-0

[Event "NRW Class1 0607"]
[Site "Germany"]
[Date "2006.09.17"]
[Round "1.6"]
[White "Schudro, Vassilij"]
[Black "Buchenthal, Dieter"]
[Result "0-1"]
[WhiteElo "2095"]
[BlackElo "2258"]
[PlyCount "58"]
[EventDate "2006.09.17"]
[EventType "team-tourn"]
[EventRounds "9"]
[EventCountry "GER"]
[SourceTitle "EXT 2007"]
[Source "ChessBase"]
[SourceDate "2006.11.23"]
[SourceVersion "1"]
[SourceVersionDate "2006.11.23"]
[SourceQuality "1"]
[WhiteTeam "Sodingen"]
[BlackTeam "Emsdetten II"]
[WhiteTeamCountry "GER"]
[BlackTeamCountry "GER"]

1. e4 c5 2. Nf3 e6 3. d4 cxd4 4. Nxd4 Bc5 5. Nb3 Bb6 6. Nc3 Ne7 7. Qg4 0-0 8. Bf4 f5 9. Qg3 fxe4 10. 0-0-0 Nf5 11. Qh3 d5 12. Nxe4 Qe8 13. Nd6 Qa4 14. Be5 Nc6 15. Bb5 Qxa2 16. Bxc6 bxc6 17. Nxf5 Rxf5 18. Qc3 c5 19. Bxg7 Bd8 20. Bh6 Bf6 21. Qg3+ Kf7 22. Rd3 Be5 23. Qg4 c4 24. Rf3 cxb3 25. Rxf5+ exf5 26. Qh5+ Ke7 27. Bg5+ Kd6 28. c3 Qa1+ 29. Kd2 Qxb2+ 0-1

[Event "GER-ch 3rd Internet Blitz Cand"]
[Site "Playchess.com INT"]
[Date "2005.04.02"]
[Round "12"]
[White "Buchenthal, Dieter"]
[Black "Heinzel, Olaf"]
[Result "1-0"]
[WhiteElo "2258"]
[BlackElo "2402"]
[PlyCount "67"]
[EventDate "2005.04.02"]
[EventType "swiss (blitz)"]
[EventRounds "15"]
[EventCountry "GER"]
[SourceTitle "CBM 105 Extra"]
[Source "ChessBase"]
[SourceDate "2005.05.01"]
[SourceVersion "1"]
[SourceVersionDate "2005.05.01"]
[SourceQuality "1"]

1. e4 d5 2. exd5 Qxd5 3. Nf3 Nf6 4. Be2 a6 5. d4 e6 6. 0-0 b5 7. b3 Bb7 8. c4 bxc4 9. bxc4 Qc6 10. Nc3 Be7 11. Bf4 0-0 12. Rc1 Nbd7 13. d5 exd5 14. cxd5 Qb6 15. Rb1 Qa7 16. Bxc7 Nxd5 17. Nxd5 Bxd5 18. Qxd5 Qxc7 19. Rb7 Nf6 20. Qxf7+ Kxf7 21. Rxc7 Rfe8 22. Bc4+ Kg6 23. Ne5+ Kf5 24. f4 Rac8 25. Bd3+ Ke6 26. Rfc1 Rxc7 27. Rxc7 a5 28. g4 Kd5 29. Bc4+ Kd4 30. Bf7 Bd6 31. Rc4+ Ke3 32. Bxe8 Nxe8 33. Rc8 Nf6 34. Nc4+ 1-0

[Event "GER-ch 3rd Internet Blitz Cand"]
[Site "Playchess.com INT"]
[Date "2005.04.02"]
[Round "11"]
[White "Buchenthal, Dieter"]
[Black "Koepke, Christian"]
[Result "1/2-1/2"]
[WhiteElo "2258"]
[BlackElo "2226"]
[PlyCount "70"]
[EventDate "2005.04.02"]
[EventType "swiss (blitz)"]
[EventRounds "15"]
[EventCountry "GER"]
[SourceTitle "CBM 105 Extra"]
[Source "ChessBase"]
[SourceDate "2005.05.01"]
[SourceVersion "1"]
[SourceVersionDate "2005.05.01"]
[SourceQuality "1"]

1. e4 c5 2. Nf3 b6 3. d4 cxd4 4. Nxd4 Bb7 5. Nc3 a6 6. Bd3 g6 7. 0-0 Bg7 8. Be3 Nc6 9. Nxc6 Bxc6 10. f4 d6 11. Qd2 Nf6 12. h3 0-0 13. a4 Nd7 14. f5 Ne5 15. Bh6 Bb7 16. Bxg7 Kxg7 17. Rf2 Rc8 18. Raf1 Qc7 19. g4 Qc5 20. Kh2 b5 21. axb5 axb5 22. Ne2 b4 23. Ng3 Qd4 24. b3 d5 25. exd5 Qxd5 26. Qf4 Nxd3 27. cxd3 Qxd3 28. Qxb4 Bd5 29. Qxe7 Rc3 30. Nh5+ gxh5 31. Qg5+ Kh8 32. Qf6+ Kg8 33. Qg5+ Kh8 34. Qf6+ Kg8 35. Qg5+ Kh8 1/2-1/2

[Event "GER-ch 3rd Internet Blitz Cand"]
[Site "Playchess.com INT"]
[Date "2005.04.02"]
[Round "14"]
[White "Buchenthal, Dieter"]
[Black "Peschlow, Patrick"]
[Result "0-1"]
[WhiteElo "2258"]
[BlackElo "2318"]
[PlyCount "60"]
[EventDate "2005.04.02"]
[EventType "swiss (blitz)"]
[EventRounds "15"]
[EventCountry "GER"]
[SourceTitle "CBM 105 Extra"]
[Source "ChessBase"]
[SourceDate "2005.05.01"]
[SourceVersion "1"]
[SourceVersionDate "2005.05.01"]
[SourceQuality "1"]

1. e4 c5 2. Nf3 Nc6 3. d4 cxd4 4. Nxd4 e5 5. Nb5 d6 6. N1c3 a6 7. Na3 b5 8. Nd5 Nge7 9. c4 Nd4 10. Bd3 Nxd5 11. cxd5 g6 12. 0-0 Bg7 13. Be3 0-0 14. Rc1 f5 15. f3 fxe4 16. Bxe4 Nf5 17. Bf2 Qg5 18. Nc2 Bh6 19. Qe2 Bd7 20. Bxf5 gxf5 21. Nb4 Rf7 22. Rc7 Rg7 23. g3 Qg6 24. Nc6 Bg5 25. Qc2 h5 26. Na5 h4 27. Rb7 hxg3 28. hxg3 Qh5 29. Rxd7 Rxd7 30. Qxf5 Rh7 0-1

[Event "GER-ch 3rd Internet Blitz Cand"]
[Site "Playchess.com INT"]
[Date "2005.04.02"]
[Round "8"]
[White "Buchenthal, Dieter"]
[Black "Zimmermann, Julian"]
[Result "0-1"]
[WhiteElo "2258"]
[BlackElo "2335"]
[PlyCount "50"]
[EventDate "2005.04.02"]
[EventType "swiss (blitz)"]
[EventRounds "15"]
[EventCountry "GER"]
[SourceTitle "CBM 105 Extra"]
[Source "ChessBase"]
[SourceDate "2005.05.01"]
[SourceVersion "1"]
[SourceVersionDate "2005.05.01"]
[SourceQuality "1"]

1. e4 c5 2. Nf3 d6 3. d4 cxd4 4. Nxd4 Nf6 5. Nc3 a6 6. f4 Nbd7 7. a4 Qc7 8. Bd3 g6 9. Nf3 Bg7 10. 0-0 b6 11. Qe1 Bb7 12. Kh1 0-0 13. Qh4 Rae8 14. f5 e6 15. Bh6 exf5 16. exf5 Qc6 17. Rf2 Bxh6 18. Qxh6 Ng4 19. Qh4 Nxf2+ 20. Qxf2 Qc5 21. Qh4 Bxf3 22. gxf3 Qe3 23. Rf1 Kg7 24. Nd5 Qe5 25. f6+ Nxf6 0-1

[Event "GER-ch 3rd Internet Blitz Cand"]
[Site "Playchess.com INT"]
[Date "2005.04.02"]
[Round "6"]
[White "Ottmann, Martin"]
[Black "Buchenthal, Dieter"]
[Result "0-1"]
[WhiteElo "2142"]
[BlackElo "2258"]
[PlyCount "64"]
[EventDate "2005.04.02"]
[EventType "swiss (blitz)"]
[EventRounds "15"]
[EventCountry "GER"]
[SourceTitle "CBM 105 Extra"]
[Source "ChessBase"]
[SourceDate "2005.05.01"]
[SourceVersion "1"]
[SourceVersionDate "2005.05.01"]
[SourceQuality "1"]

1. d4 Nf6 2. Nf3 g6 3. Bg5 Ne4 4. Bh4 b6 5. Nbd2 Nxd2 6. Qxd2 Bb7 7. e3 Bg7 8. Bd3 0-0 9. 0-0 d6 10. c4 Nd7 11. e4 Qe8 12. Rad1 e5 13. dxe5 dxe5 14. b4 a5 15. a3 axb4 16. axb4 Nf6 17. Bxf6 Bxf6 18. Qb2 Qe7 19. Ra1 Bg7 20. Rfd1 h6 21. Nd2 Rfd8 22. Nf1 f5 23. Ng3 Rxa1 24. Qxa1 f4 25. Nf1 Qxb4 26. Qa7 Bxe4 27. Bxe4 Rxd1 28. Qxc7 Qe1 29. Qc8+ Kh7 30. Bxg6+ Kxg6 31. Qe6+ Bf6 32. Qe8+ Kg7 0-1

[Event "GER-ch 3rd Internet Blitz Cand"]
[Site "Playchess.com INT"]
[Date "2005.04.02"]
[Round "4"]
[White "Womacka, Mathias"]
[Black "Buchenthal, Dieter"]
[Result "1-0"]
[WhiteElo "2436"]
[BlackElo "2258"]
[PlyCount "49"]
[EventDate "2005.04.02"]
[EventType "swiss (blitz)"]
[EventRounds "15"]
[EventCountry "GER"]
[SourceTitle "CBM 105 Extra"]
[Source "ChessBase"]
[SourceDate "2005.05.01"]
[SourceVersion "1"]
[SourceVersionDate "2005.05.01"]
[SourceQuality "1"]

1. e4 d5 2. exd5 Nf6 3. d4 Bg4 4. f3 Bf5 5. Bb5+ Nbd7 6. c4 a6 7. Bxd7+ Qxd7 8. Ne2 e6 9. dxe6 Qxe6 10. d5 Qb6 11. Qd4 Qxd4 12. Nxd4 Bg6 13. Nc3 Bc5 14. Be3 0-0-0 15. Kf2 c6 16. Rac1 Kb8 17. Na4 Bxd4 18. Bxd4 cxd5 19. c5 Rc8 20. Nb6 Rc6 21. Bxf6 gxf6 22. Nxd5 Rd8 23. Rhd1 Ka7 24. b4 Bf5 25. Ne7 1-0

[Event "Ruhrgebiet Regionalliga 0405"]
[Site "Ruhrgebiet"]
[Date "2005.03.20"]
[Round "8.8"]
[White "Rickert, Dirk"]
[Black "Buchenthal, Dieter"]
[Result "0-1"]
[WhiteElo "1918"]
[BlackElo "2056"]
[PlyCount "58"]
[EventDate "2004.09.19"]
[EventType "team"]
[EventRounds "9"]
[EventCountry "GER"]
[SourceTitle "EXT 2006"]
[Source "ChessBase"]
[SourceDate "2005.11.24"]
[SourceVersion "1"]
[SourceVersionDate "2005.11.24"]
[SourceQuality "1"]
[WhiteTeam "Gladbeck SG"]
[BlackTeam "Herne Sodingen"]
[WhiteTeamCountry "GER"]
[BlackTeamCountry "GER"]

1. d4 c5 2. e3 Nf6 3. Nf3 b6 4. c4 g6 5. Nc3 Bg7 6. Bd3 Na6 7. 0-0 0-0 8. d5 d6 9. e4 Bg4 10. h3 Bxf3 11. Qxf3 Nc7 12. Bd2 a6 13. a4 Rb8 14. Rfe1 Nd7 15. Qg3 Bd4 16. Kh1 e5 17. Rab1 Kh8 18. Ne2 Qe7 19. h4 f5 20. Nxd4 cxd4 21. b4 f4 22. Qh3 Nf6 23. Rb3 Rg8 24. g3 g5 25. Qf5 Rbf8 26. Qh3 Rg6 27. Kg2 gxh4 28. Qxh4 Nfxd5 29. Qh3 Ne3+ 0-1

[Event "Ruhrgebiet Regionalliga 0405"]
[Site "Ruhrgebiet"]
[Date "2004.11.28"]
[Round "4.8"]
[White "Buchenthal, Dieter"]
[Black "Skor, Werner"]
[Result "1-0"]
[WhiteElo "2056"]
[BlackElo "1832"]
[PlyCount "85"]
[EventDate "2004.09.19"]
[EventType "team"]
[EventRounds "9"]
[EventCountry "GER"]
[SourceTitle "EXT 2006"]
[Source "ChessBase"]
[SourceDate "2005.11.24"]
[SourceVersion "1"]
[SourceVersionDate "2005.11.24"]
[SourceQuality "1"]
[WhiteTeam "Herne Sodingen"]
[BlackTeam "Holsterhausen"]
[WhiteTeamCountry "GER"]
[BlackTeamCountry "GER"]

1. c4 e6 2. b3 Nf6 3. Bb2 b6 4. d3 d5 5. Nf3 Bb7 6. e3 Be7 7. Be2 0-0 8. Nbd2 Nbd7 9. Qc2 c5 10. 0-0 Qc7 11. Rae1 Rad8 12. Qb1 dxc4 13. Nxc4 Ng4 14. g3 Bf6 15. Nfd2 Nge5 16. f4 Nxc4 17. bxc4 Bxb2 18. Qxb2 Nf6 19. Rf2 Qc6 20. e4 Qd7 21. g4 Qd4 22. Qc1 Nd7 23. Nf3 Qd6 24. Bf1 e5 25. f5 Nb8 26. Re3 Nc6 27. h4 Nd4 28. Nh2 Qh6 29. g5 Qh5 30. Rg3 f6 31. Rfg2 Kh8 32. Rg4 Rg8 33. Qe3 Nxf5 34. exf5 Bxg2 35. Bxg2 Rd4 36. Be4 Rgd8 37. Qf3 Qe8 38. Qf2 Qa4 39. Nf3 Qd1+ 40. Kh2 Rxd3 41. gxf6 Rd2 42. fxg7+ Kg8 43. Nxd2 1-0

[Event "Ruhrgebiet Regionalliga 0405"]
[Site "Ruhrgebiet"]
[Date "2004.11.14"]
[Round "3.8"]
[White "Grofig, Patrick"]
[Black "Buchenthal, Dieter"]
[Result "1-0"]
[WhiteElo "1917"]
[BlackElo "2056"]
[PlyCount "61"]
[EventDate "2004.09.19"]
[EventType "team"]
[EventRounds "9"]
[EventCountry "GER"]
[SourceTitle "EXT 2006"]
[Source "ChessBase"]
[SourceDate "2005.11.24"]
[SourceVersion "1"]
[SourceVersionDate "2005.11.24"]
[SourceQuality "1"]
[WhiteTeam "Berghofen Wambel"]
[BlackTeam "Herne Sodingen"]
[WhiteTeamCountry "GER"]
[BlackTeamCountry "GER"]

1. d4 c5 2. c3 Na6 3. Nf3 b6 4. e4 Nc7 5. Bg5 g6 6. Bc4 h6 7. Ne5 Rh7 8. Bh4 b5 9. Bb3 Nf6 10. dxc5 g5 11. Bg3 e6 12. Qd4 Na6 13. Nd3 Bb7 14. Nd2 Rc8 15. Bd6 Bg7 16. e5 Ng8 17. 0-0 f5 18. g4 Ne7 19. f4 Nc6 20. Qe3 gxf4 21. Qxf4 Qg5 22. Qxg5 hxg5 23. gxf5 Rh3 24. fxe6 Nd8 25. e7 Ne6 26. Bxe6 dxe6 27. Rf8+ Kd7 28. Rxc8 Bxc8 29. c6+ Ke8 30. Rf1 Rh8 31. Ne4 1-0